Allsvenskan Champions - Statistics

General Stats
  • This quiz has been taken 368 times
  • The average score is 71 of 100
Answer Stats
Year Answer % Correct
1944 | 1949 | 1950 | +24 others Malmö
97%
1932 | 1937 | 1983 | +3 others AIK
86%
1935 | 1942 | 1958 | +10 others Göteborg
84%
2001 Hammarby
73%
2025 Mjällby
73%
1943 | 1945 | 1946 | +9 others Norrköping
69%
2022 Häcken
64%
1955 | 1959 | 1966 | +4 others Djurgårdens
58%
1964 Djurgardens
58%
1936 | 1939 | 1940 | +3 others Elfsborg
57%
1925 | 1927 | 1931 | 1954 GAIS
55%
2008 Kalmar
51%
1926 | 1928 Örgryte
50%
1968 | 1978 | 1980 | 1981 Östers
45%
1929 | 1930 | 1933 | +4 others Helsingborgs
42%
1976 | 1979 | 1997 | 2000 Halmstads
33%
1972 | 1973 Åtvidabergs
25%
1938 Sleipner
18%
No matching quizzes found
Score Distribution
Percent of People with Each Score
Percentile by Number Answered
Your Score History
You have not taken this quiz